Bioprocess engineering principles (Record no. 183012)

MARC details
000 -LEADER
fixed length control field 00357nam a2200145Ia 4500
008 - FIXED-LENGTH DATA ELEMENTS--GENERAL INFORMATION
fixed length control field 231217s9999 xx 000 0 und d
041 ## - LANGUAGE CODE
Language code of text/sound track or separate title English
082 ## - DEWEY DECIMAL CLASSIFICATION NUMBER
Classification number 620.8 DOR;3
100 ## - MAIN ENTRY--PERSONAL NAME
Personal name Doran, Pauline M
245 #0 - TITLE STATEMENT
Title Bioprocess engineering principles
260 ## - PUBLICATION, DISTRIBUTION, ETC.
Date of publication, distribution, etc. 2005
Name of publisher, distributor, etc. Academic Press
Place of publication, distribution, etc. London
300 ## - PHYSICAL DESCRIPTION
Extent 439
650 ## - SUBJECT ADDED ENTRY--TOPICAL TERM
Topical term or geographic name entry element Bioprocess
942 ## - ADDED ENTRY ELEMENTS (KOHA)
Koha item type Books
Holdings
Date last seen Total checkouts Full call number Accession number Uniform resource identifier Cost, total (INR) price Price effective from Category Lost status Damaged status Department Withdrawn status Home library Current library Shelving location Entry date Vendor Cost, normal purchase price Grants Billnumber Billdate Currency symbol Conversion rate Discount Old discount
26/01/2024   620.8 DOR;3 53955 digital/contents/53955.pdf 260.00 26/01/2024 Books     Central Library   Central Library Central Library Central Library 24/04/2009 Allied publ. 325.00 BT 2008/CR/0007003 25/09/2012 RS 1 65 20

© For any Suggestions or Query, please contact the library staff @ librarian@pes.edu or Phone: +9180 2672 1983/ 2108.